[Event "ACT-ch"]
[Site "Canberra"]
[Date "2016.02.14"]
[Round "5"]
[White "Mathur, Neetesh"]
[Black "Lee, Elliott"]
[Result "0-1"]
[WhiteElo "1043"]
[BlackElo "721"]
[PlyCount "68"]
[EventDate "2016.02.12"]
[EventType "swiss"]
[EventRounds "9"]
[EventCountry "AUS"]
[SourceTitle "CBM 171 Extra"]
[Source "ChessBase"]
[SourceDate "2016.04.26"]
[SourceVersion "1"]
[SourceVersionDate "2016.04.26"]
[SourceQuality "1"]

1. e4 e5 2. Nf3 Nf6 3. Nc3 Nc6 4. Bc4 Nxe4 5. Bxf7+ Kxf7 6. Nxe4 Be7 7. d3 Rf8 8. Nfg5+ Kg8 9. Nxh7 Kxh7 10. Qh5+ Kg8 11. Bg5 Rf5 12. h4 Qf8 13. Rf1 Qf7 14. Qxf7+ Rxf7 15. 0-0-0 d5 16. Nc3 Be6 17. Bxe7 Rxe7 18. Rde1 d4 19. Ne4 Bxa2 20. b3 Rae8 21. h5 Nb4 22. Kb2 Re6 23. Ra1 Rc6 24. Rfc1 Kh7 25. Rxa2 Nxa2 26. Kxa2 Rf8 27. f3 Rh6 28. Rh1 Kg8 29. Rh3 g6 30. Rg3 Rxh5 31. Rxg6+ Kh8 32. Nc5 Rg8 33. Rxg8+ Kxg8 34. Nxb7 Rh2 0-1

[Event "ACT-ch"]
[Site "Canberra"]
[Date "2016.02.13"]
[Round "2"]
[White "Luo, Ricky"]
[Black "Lee, Elliott"]
[Result "1-0"]
[WhiteElo "1487"]
[BlackElo "721"]
[PlyCount "43"]
[EventDate "2016.02.12"]
[EventType "swiss"]
[EventRounds "9"]
[EventCountry "AUS"]
[SourceTitle "CBM 171 Extra"]
[Source "ChessBase"]
[SourceDate "2016.04.26"]
[SourceVersion "1"]
[SourceVersionDate "2016.04.26"]
[SourceQuality "1"]

1. d4 Nf6 2. c4 d6 3. Nc3 g6 4. Bg5 Bg7 5. e3 Nbd7 6. Bd3 c5 7. Nge2 0-0 8. Qc2 e6 9. h4 Qc7 10. Nf4 cxd4 11. exd4 e5 12. Nfd5 Nxd5 13. Nxd5 Qa5+ 14. Bd2 Qd8 15. dxe5 dxe5 16. h5 Nb6 17. Ne3 Qf6 18. Bc3 Qe6 19. hxg6 fxg6 20. c5 Nd5 21. Bc4 Qe8 22. Nxd5 1-0

[Event "IECG CP.2003.P.00032 email"]
[Site "IECG email"]
[Date "2003.10.01"]
[Round "?"]
[White "Garez, Dirk"]
[Black "Lee, Elliott"]
[Result "1-0"]
[WhiteElo "1233"]
[BlackElo "800"]
[PlyCount "33"]
[EventDate "2003.10.01"]
[EventType "tourn (corr)"]
[EventRounds "6"]
[EventCountry "ITA"]
[SourceTitle "Corr 2008"]
[Source "ChessBase"]
[SourceDate "2008.06.24"]
[SourceVersion "1"]
[SourceVersionDate "2008.06.24"]
[SourceQuality "1"]

1. e4 e5 2. Nf3 Nc6 3. Bb5 d6 4. d4 Bd7 5. 0-0 Bg4 6. dxe5 dxe5 7. Bxc6+ bxc6 8. Qxd8+ Rxd8 9. Nxe5 Bd1 10. Nxc6 Rd6 11. Nc3 Bxc2 12. Nxa7 Nf6 13. e5 Re6 14. exf6 Bd3 15. Nab5 Bxf1 16. Nxc7+ Kd7 17. Nxe6 1-0